00706nam a2200205 a 450000100060000000300080000600500170001400800410003103500190007204000390009104100080013008200240013810000100016224501740017226000340034630000260038065000230040665000340042970000370046373880BD-RjUL20211209082446.0170613s1899 enk 000 0 eng d a(BD-RjUL)74098 aQCLcQCLdOCLCGdAU@dBD-RjULbeng1 aeng 223a891.5bSAG 18991 aSa'di14aThe Gulistan :bbeing the Rose-garden of Shaikh Saʿdi : the first four babs or 'gateways' /cSa'di ; translated from the Persian in prose and verse by Sir Edwin Arnold. aLondon :bT. Burleigh,c1899. axvi, 220 p. ;c18 cm. aPersian literature aReligious literature, Persian1 aArnold, Edwin,cSir,d1832-1904.